Top 5 NBA Players of All Time - Statistics

General Stats
  • This quiz has been taken 126 times
  • The average score is 4 of 5
Answer Stats
Rank Answer % Correct
2 LeBron James
100%
1 Michael Jordan
99%
3 Kobe Bryant
92%
5 Wilt Chamberlain
73%
4 Bill Russell
66%
No matching quizzes found
Score Distribution
Percent of People with Each Score
Percentile by Number Answered
Your Score History
You have not taken this quiz